000 00275nam a2200121Ia 4500
008 190216s9999||||xx |||||||||||||| ||und||
100 _aBernard Shaw
245 0 _aCaesar And Cleopatra
260 _bOrient Longman
_c1971
300 _a186p
650 _aEnglish
942 _cBK
999 _c13462
_d13462